[Event "VIE-ch U11"]
[Site "Hanoi"]
[Date "2022.06.15"]
[Round "7"]
[White "Nguyen, Khac Bao An"]
[Black "Bien, Hoang Gia Phu"]
[Result "1/2-1/2"]
[WhiteElo "2400"]
[BlackElo "2385"]
[PlyCount "75"]
[EventDate "2022.06.11"]
[EventType "swiss"]
[EventRounds "7"]
[EventCountry "VIE"]
[SourceTitle "EXT 2023"]
[Source "ChessBase"]
[SourceDate "2022.10.05"]
[SourceVersion "1"]
[SourceVersionDate "2022.10.05"]
[SourceQuality "1"]

1. d4 d5 2. c4 e6 3. Nc3 a6 4. cxd5 exd5 5. Nf3 Nc6 6. Bf4 Bf5 7. e3 Bb4 8. Bd3 Bxd3 9. Qxd3 Nf6 10. 0-0 h6 11. Ne5 Ne7 12. Rac1 c6 13. a3 Bd6 14. Bg3 0-0 15. Na4 Rc8 16. Nc5 Bxc5 17. dxc5 Re8 18. Nf3 Ng6 19. b4 Ne4 20. Nd4 Ne5 21. Bxe5 Rxe5 22. Nf3 Re8 23. Nd2 Nxd2 24. Qxd2 Qf6 25. Qc3 Qxc3 26. Rxc3 Rcd8 27. Rd1 Kf8 28. f3 f6 29. Kf2 Kf7 30. Rcd3 f5 31. a4 g5 32. b5 Rb8 33. Rb1 axb5 34. axb5 Ra8 35. Rd2 Ra5 36. bxc6 bxc6 37. Rc2 Rea8 38. Rb7+ 1/2-1/2